=LDR 00000nam 2200000 4500 =001 INLIS000000000032795 =005 20140407123721.0 =006 =007 =008 ind =035 ##$$a 0010-061300000032795 =041 ##$$a ind =082 ##$$a F Rom K =090 ##$$a F Rom K, Riz k =100 ##$$a Rizky, Sekar =245 ##$$a Kecil-kecil punya karya goodbye my teacher, Sekar Rizki =260 ##$$a 2009 $b Bandung =300 ##$$a 164 hlm., Ilus., 21 cm =650 ##$$a Fiksi Kanak-kanak =850 ##$$a NBPNMAT